Music Quiz

Random Music or Artist Quiz

Screeching Weasel Discography Quiz Stats

Quiz not verified by Sporcle

Challenge
Share
Tweet
Embed
Score 0/15 Timer 08:00
0 Plays Today
Year Album % Correct
1988Boogadaboogadaboogada!
96.2%
1987Screeching Weasel
86.5%
1991My Brain Hurts
86.5%
1993Wiggle
73.1%
1994Anthem for a New Tomorrow
73.1%
1994How to Make Enemies and Irritate People
71.2%
1998Television City Dream
69.2%
1999Emo
65.4%
Year Album % Correct
2000Teen Punks in Heat
65.4%
1996Bark Like a Dog
61.5%
1995Kill the Musicians
59.6%
1998Major Label Debut
57.7%
2005Weasel Mania
57.7%
1992Ramones
46.2%
2000Thank You Very Little
46.2%

You're not logged in!

Compare scores with friends on all Sporcle quizzes.
Join for Free
OR
Log In

You Might Also Like...

Show Comments

Extras

Top Quizzes Today


Score Distribution

Your Account Isn't Verified!

In order to create a playlist on Sporcle, you need to verify the email address you used during registration. Go to your Sporcle Settings to finish the process.

Report this User

Report this user for behavior that violates our Community Guidelines.

Details: